000 00498nam a2200169 a 4500
001 000026920
005 20200930030506.0
008 110328s1953 dr 000 0 spa d
040 _aDO-SdBNP
_bspa
_cBNPHU
082 _axxx
_bA322f
100 1 _aAlardo Acosta, Mauricio
_954024
245 1 0 _aFacetas de un régimen /
_cMauricio Alardo Acosta.
260 _aCiudad Trujillo
_fImprenta Rincon
_c1953.
300 _a58 p. ;
_c24 cm.
500 _aIncluye notas al pie de las páginas
049 _aBNPD
999 _c26412
_d26412